| 000 | 00000nam##2200000za#4500 |
| 001 | 9.596805 |
| 003 | CaOODSP |
| 005 | 20210624203723 |
| 007 | cr ||||||||||| |
| 008 | 150406|2007||||xxc|||||o f|0| 0 fre|d |
| 040 | |aCaOODSP|bfre |
| 043 | |an-cn--- |
| 086 | 1 |aNH18-24/54-2007F-PDF |
| 110 | 2 |aSociété canadienne d'hypothèques et de logement. |
| 245 | 10|aComprendre le contrat de vente de votre maison neuve |h[ressource électronique] |
| 260 | |bSociété canadienne d'hypothèques et de logement |cc2004, révision 2007. |
| 300 | |a12p.|btableaux |
| 490 | 1 |aVotre maison |vCF54 |
| 590 | |a08-48|b2008-11-28 |
| 775 | 08|tUnderstanding your new home sales contract |w(CaOODSP)9.565204 |
| 776 | 0#|tComprendre le contrat de vente de votre maison neuve |w(CaOODSP)9.628089 |
| 830 | #0|aVotre maison ;|vCF54|w(CaOODSP)9.501787 |
| 856 | 40|ahttp://publications.gc.ca|qPDF|s269 Ko|uhttps://publications.gc.ca/collections/collection_2008/cmhc-schl/nh18-24/NH18-24-54-2007F.pdf|yCF54 |